| 000 | 00886nam a2200229 i 4500 | ||
|---|---|---|---|
| 001 | 152809 | ||
| 003 | ES-MaACL | ||
| 005 | 20250712063129.0 | ||
| 008 | 051017e1899 xxkb |||| | eng d | ||
| 040 |
_aCAM _bspa _cCAM |
||
| 100 | 1 |
_aBryce, James, _d1838-1922 _eaut _932253 |
|
| 245 | 1 | 0 |
_aImpressions of South Africa / _cby James Bryce. |
| 250 |
_a3dr ed. rev. _bthroughout with a new prefactory chapter, and with the Transvaal Conventions of 1881 and 1884. |
||
| 260 |
_aLondon : _bMacmillan and Co., _c1899. |
||
| 300 |
_aXLIII, 492 páginas, [1] hoja de mapa plegada ; _c20 cm. |
||
| 651 | 4 |
_aSudáfrica- _xDescripción. _9159920 |
|
| 651 | 4 |
_aTransvaal- _xHistoria- _y1880-1910. _9147776 |
|
| 852 |
_aES-MaACL _cSPP3 _hDonativo de Emilia Gayangos de Riaño _jG-10938 _xTela |
||
| 942 |
_2udc _cMONANT _n0 |
||
| 999 |
_c152809 _d152809 |
||